000 00313nam a2200133Ia 4500
008 240624s9999 xx 000 0 und d
041 _aeng
082 _a006.74 HOL
100 _aHOLZNER STEVEN
245 _aHTML BLACK BOOK
260 _c2004
_aNew Delhi
_bDreamtech Press
300 _axxviii, : 1195
365 _cRS
999 _c955
_d955